Sources of the Western tradition / (Record no. 15346)
[ view plain ]
| 000 -LEADER | |
|---|---|
| fixed length control field | 01047cam a2200289 a 4500 |
| 001 - CONTROL NUMBER | |
| control field | 12919410 |
| 005 - DATE AND TIME OF LATEST TRANSACTION | |
| control field | 20170105102916.0 |
| 008 - FIXED-LENGTH DATA ELEMENTS--GENERAL INFORMATION | |
| fixed length control field | 020906s2003 maua 000 0 eng |
| 010 ## - LIBRARY OF CONGRESS CONTROL NUMBER | |
| LC control number | 2001133326 |
| 020 ## - INTERNATIONAL STANDARD BOOK NUMBER | |
| International Standard Book Number | 0618162275 (v. 1) |
| 020 ## - INTERNATIONAL STANDARD BOOK NUMBER | |
| International Standard Book Number | 0618162283 (v. 2) |
| 040 ## - CATALOGING SOURCE | |
| Original cataloging agency | DLC |
| Transcribing agency | DLC |
| Modifying agency | DLC |
| 050 00 - LIBRARY OF CONGRESS CALL NUMBER | |
| Classification number | CB245 |
| Item number | .S58 2003 |
| 082 00 - DEWEY DECIMAL CLASSIFICATION NUMBER | |
| Classification number | 909/.09821 |
| Edition number | 21 |
| 245 00 - TITLE STATEMENT | |
| Title | Sources of the Western tradition / |
| Statement of responsibility, etc. | [edited by] Marvin Perry, Joseph R. Peden, Theodore H. Von Laue. |
| 250 ## - EDITION STATEMENT | |
| Edition statement | 5th ed. |
| 260 ## - PUBLICATION, DISTRIBUTION, ETC. | |
| Place of publication, distribution, etc. | Boston : |
| Name of publisher, distributor, etc. | Houghton Mifflin, |
| Date of publication, distribution, etc. | c2003. |
| 300 ## - PHYSICAL DESCRIPTION | |
| Extent | 534 p. : |
| Other physical details | ill. ; |
| Dimensions | 24 cm. |
| 505 0# - FORMATTED CONTENTS NOTE | |
| Formatted contents note | v. 1. From ancient times to the Enlightenment -- v. 2. From the Renaissance to the present. |
| 650 #0 - SUBJECT ADDED ENTRY--TOPICAL TERM | |
| Topical term or geographic name entry element | Civilization, Western |
| General subdivision | History |
| Form subdivision | Sources. |
| 700 1# - ADDED ENTRY--PERSONAL NAME | |
| Personal name | Perry, Marvin. |
| 700 1# - ADDED ENTRY--PERSONAL NAME | |
| Personal name | Peden, Joseph R. |
| 700 1# - ADDED ENTRY--PERSONAL NAME | |
| Personal name | Von Laue, Theodore H. |
| Fuller form of name | (Theodore Hermann) |
| 906 ## - LOCAL DATA ELEMENT F, LDF (RLIN) | |
| a | 7 |
| b | cbc |
| c | origcop |
| d | 2 |
| e | ncip |
| f | 20 |
| g | y-gencatlg |
| 942 ## - ADDED ENTRY ELEMENTS (KOHA) | |
| Source of classification or shelving scheme | |
| Koha item type | Book |
| Withdrawn status | Lost status | Damaged status | Not for loan | Collection code | Permanent Location | Current Location | Shelving location | Date acquired | Total Checkouts | Full call number | Barcode | Date last seen | Price effective from | Koha item type |
|---|---|---|---|---|---|---|---|---|---|---|---|---|---|---|
| Centre for International Peace & Stability (CIPS) | Centre for International Peace & Stability (CIPS) | General Stacks | 10/02/2013 | 909.09821 PER 2003 | CIPS0002409 | 11/27/2013 | 11/27/2013 | Book |
